Beyoncé - Chansons de l'album Lemonade - Statistiques

Statistiques générales
  • Ce quiz a été pris 39 fois
  • Le résultat moyen est 10 sur 12
Statistiques - réponses
Hint Réponse % Correct
Lemonade2 12 Formation
96%
Lemonade2 10 Freedom (feat. Kendrick Lamar)
93%
Lemonade2 11 All Night
89%
Lemonade 2 Hold Up
85%
Lemonade 1 Pray You Catch Me
85%
Lemonade 4 Sorry
85%
Lemonade 5 6 Inch (feat. The Weeknd)
81%
Lemonade 6 Daddy Lessons
81%
Lemonade 3 Don't Hurt Yourself (feat. Jack White)
81%
Lemonade2 8 Sandcastles
74%
Lemonade2 7 Love Drought
70%
Lemonade2 9 Forward (feat. James Blake)
63%
Aucun quiz correspondant
Distribution des résultats
% des personnes avec chaque résultat
Percentile par nombre de réponses
Votre historique - résultats
Vous n’avez pas pris ce quiz